| 000 | 01096 a2200253 4500 | ||
|---|---|---|---|
| 003 | Nust | ||
| 005 | 20220720121817.0 | ||
| 010 | _a 2001033010 | ||
| 020 | _a0471394424 (cloth : alk. paper) | ||
| 040 | _cNust | ||
| 082 | 0 | 0 | _a003,CLO |
| 100 | 1 |
_aClose, Charles M. _994032 |
|
| 245 | 1 | 0 |
_aModeling and analysis of dynamic systems / _cCharles M. Close and Dean K. Frederick and Jonathan C. Newell. |
| 250 | _a3rd ed. | ||
| 260 |
_aNew York : _bWiley, _cc2002. |
||
| 300 |
_axiv, 576 p. : _bill. ; _c26 cm. |
||
| 505 | _aIntroduction (Page-1), Translation Mechanical Systems (Page-14), Standard Forms for System Models (Page-48), Block Diagrams and Computer Simulation (Page-73), Rotational Mechanical Systems (Page-95), Electrical Systems (Page-138). | ||
| 650 | 0 |
_aSystem analysis. _92233 |
|
| 700 | 1 |
_aFrederick, Dean K., _d1934- _994033 |
|
| 700 | 1 |
_aNewell, Jonathan C. _994034 |
|
| 856 | 4 | 2 |
_3Publisher description _uhttp://www.loc.gov/catdir/description/wiley035/2001033010.html |
| 856 | 4 | 2 |
_3Table of Contents _uhttp://www.loc.gov/catdir/toc/onix06/2001033010.html |
| 942 |
_cREF _2ddc |
||
| 999 |
_c174711 _d174711 |
||